00755 2200265 4500001002100000005001700021008004100038020002200079035002500101040001200126082001500138084001700153100001000170245008500180250001100265260003100276300003800307504002600345650003400371700001800405850001200423990001800435990001800453990001800471INLIS00000000000499220150811132748.0  a978-602-8674-91-1 a0010-051500000000125 aYOPDYOG 223a610.73 a610.73 Wah K aWAHID aKompetensi ilmu keperawatan dasar (KKID)b: Buku sakuc/ Wahid dan Imam Suprapto aCet. 1 aJakartabSagung Setoc2012 aviii, 155 hlm.b: Ilus.c; 23 cm. aBibliografi: hlm. 139 aKesehatan, Pelayanan Intensif aIMAM Suprapto aYOPDYOG a12483-PD/B.15 a12484-PD/B.15 a12485-PD/B.15